| 000 | 00778nmc a2200301 a 4500 | ||
|---|---|---|---|
| 003 | AR-BaBNM | ||
| 005 | 20251128210028.0 | ||
| 008 | 238119s1990 ||||||||||||||000 | spa|| | ||
| 020 | _a0-582-05297-1 | ||
| 040 | _cAR-BaBNM | ||
| 100 | 1 | _aBrown, Gilliam | |
| 245 | 1 | 0 | _aListening to spoken english |
| 250 | _a2ยช ed. | ||
| 260 |
_aHarlow _bLongman _c1990 |
||
| 300 | _a178 p. | ||
| 490 | 0 | _aApplied linguistics an language study | |
| 650 | 4 | _aINGLES | |
| 650 | 4 | _aLINGUISTICA | |
| 650 | 4 | _aINVESTIGACION LINGUISTICA | |
| 650 | 4 | _aLINGUISTICA COMPARATIVA Y DIACRONICA | |
| 650 | 4 | _aLENGUAS GERMANICAS | |
| 650 | 4 | _aGRAMATICA | |
| 650 | 4 | _aVOCABULARIO | |
| 650 | 4 | _aFONOLOGIA | |
| 800 | 1 |
_aCandlin, Christopher N. _eeditor |
|
| 942 | _cBK | ||
| 998 | _cMARTIN | ||
| 999 |
_c13777 _d13777 |
||